[Event "ESC 4#0005 email"]
[Site "ESC email"]
[Date "2000.10.01"]
[Round "?"]
[White "Glas, Marcus"]
[Black "Carstens, Michael"]
[Result "1/2-1/2"]
[WhiteElo "1000"]
[BlackElo "1596"]
[PlyCount "74"]
[EventDate "2000.03.11"]
[EventType "tourn (corr)"]
[EventRounds "4"]
[SourceTitle "Corr 2004"]
[Source "ChessBase"]
[SourceDate "2003.04.28"]
[SourceVersion "3"]
[SourceVersionDate "2003.04.28"]
[SourceQuality "1"]

1. e4 d6 2. d4 Nf6 3. Nc3 g6 4. Be3 Bg7 5. Qd2 c6 6. Bh6 Bxh6 7. Qxh6 Qa5 8. Bd3 Na6 9. Nge2 Nb4 10. 0-0 Nxd3 11. cxd3 Bd7 12. Qd2 0-0 13. a3 Qb6 14. Rac1 a5 15. h3 Rad8 16. f4 Rfe8 17. Kh1 Be6 18. d5 cxd5 19. f5 gxf5 20. exd5 Bxd5 21. Nxd5 Nxd5 22. Rxf5 Qe3 23. Qxe3 Nxe3 24. Rxa5 Rc8 25. Rxc8 Rxc8 26. Nc3 e6 27. Rb5 Rc7 28. Kg1 d5 29. Kf2 Nf5 30. g4 Nd4 31. Rb6 Nc6 32. Na4 Ne5 33. Ke3 Nd7 34. Rb5 f6 35. b4 Kf7 36. Nc5 Nxc5 37. bxc5 Kg6 1/2-1/2